El musical . estudio psicológico /

Guardado en:
Autor Principal: Willems, Edgar
Formato: Libro
Publicado: Buenos Aires : Eudeba, 1964
Materias:
Etiquetas: Agregar Etiqueta
Sin Etiquetas, Sea el primero en etiquetar este registro!
LEADER 00537nam a22001815a 4500
001 CEM.cems006679
005 20060214000000.0
008 130507s1964##################000#0#####d
003 CEMS
082 0 4 |a 780.77 
100 1 |a Willems, Edgar 
245 1 0 |a El musical . estudio psicológico / 
260 |a Buenos Aires :  |b Eudeba,  |c 1964 
300 |a 348 
653 |a Música 
653 |a Música-enseñanza 
859 |a CEMS  |b BIB. CEMS - 11 de abril  |h 780.77  |i W667-2  |p 5964.77  |t Ej.1 
859 |a CEMS  |b BIB. CEMS - 11 de abril  |h 780.77  |i W667-2  |p 5965.77  |t Ej.2